<?xml version="1.0" encoding="UTF-8"?>
<collection xmlns="http://www.loc.gov/MARC21/slim">
  <record>
    <leader>00000nam  2200000   4500</leader>
    <controlfield tag="001">INLIS000000000000478</controlfield>
    <controlfield tag="005">20200323111050</controlfield>
    <datafield tag="035" ind1="#" ind2="#">
      <subfield code="a">0010-0718000478</subfield>
    </datafield>
    <controlfield tag="008">200323################|##########|#|##</controlfield>
    <datafield tag="041" ind1=" " ind2=" ">
      <subfield code="a">id</subfield>
    </datafield>
    <datafield tag="082" ind1="#" ind2="#">
      <subfield code="a">032</subfield>
    </datafield>
    <datafield tag="090" ind1=" " ind2=" ">
      <subfield code="a">R 032 PIM I 2013</subfield>
    </datafield>
    <datafield tag="100" ind1=" " ind2="#">
      <subfield code="a">Dusak, I Wayan Kusmiantha</subfield>
    </datafield>
    <datafield tag="245" ind1="1" ind2="#">
      <subfield code="a">Struktur Dan Penyusunan Standarisasi Organisasi Lapas dan Rutan /</subfield>
      <subfield code="c">I wayan Kusmiantha Dusak</subfield>
    </datafield>
    <datafield tag="250" ind1="#" ind2="#">
      <subfield code="a">ed.1</subfield>
    </datafield>
    <datafield tag="260" ind1="#" ind2="#">
      <subfield code="a">Jakarta :</subfield>
      <subfield code="b">Lembaga Administrasi Negara,</subfield>
      <subfield code="c">2013</subfield>
    </datafield>
    <datafield tag="300" ind1="#" ind2="#">
      <subfield code="a">41 hlm.; 30 cm. :</subfield>
      <subfield code="b">ilus. ;</subfield>
      <subfield code="c">30 cm.</subfield>
    </datafield>
    <datafield tag="650" ind1=" " ind2="#">
      <subfield code="a">Proyek Perubahan PIM1</subfield>
    </datafield>
    <datafield tag="084" ind1="#" ind2="#">
      <subfield code="a">032 PIM I 2013</subfield>
    </datafield>
    <datafield tag="520" ind1="#" ind2="#">
      <subfield code="a">Kondisi sekarang terutama di lingkungan Lapas/Rutan, beberapa hal terkait dengan system pembinaan yang dilakukan, baik terhadap pegawai dan warga binaan pemasyarakatan masih dihadapkan pada kendala, terkait dengan struktur dan klasifikasi organisasi. Kendalanya adalah pembinaan yang dilakukan masih mengacu pada system pemasyarakatan yang berangkat dari Undang-undang Nomor 12 Tahun 1995 tentang Pemasyarakatan, sehingga belum adanya spesifikasi pembinaan apa yang tepat, yang dapat dilakukan terhadap narapidana dengan kriteria tersebut.</subfield>
    </datafield>
    <datafield tag="856" ind1="#" ind2="#">
      <subfield code="a">Perpustakaan Lembaga Administrasi Negara</subfield>
    </datafield>
  </record>
</collection>
